• 首页
  • 本馆介绍
  • 公告通知
  • 最新文献
  • 馆藏检索
  • 电子资源
  • 读者导购
  • 参考咨询
  • 我的图书馆
  • 登录
  • 详细信息显示
  • 放入我的书架
  • 预约/预借图书
  • 作者相关作品
  • 分类相关作品
  • 丛书相关作品
  • 出版社相关作品

书目信息

  • 表格格式
  • 工作单格式
  • 卡片格式
题名:
现代中国发展史论
    
 
作者: 张迪明 主编
分册:  
出版信息: 成都   电子科技大学出版社  1993
页数: 316页
开本: 20cm
丛书名:
单 册:
中图分类: D033.4
科图分类:
主题词: 社会主义--发展史--研究 , 社会主义 , 发展史
电子资源:
ISBN: 7-81016-902-5
000 00839nam0 2200253 45
001 0120066003257
005 20070106090907.67
010    @a7-81016-902-5@dCNY25.00
092    @aCN@b491488
100    @a20060417e20051993em y0chiy0120 ea
101 0  @achi
102    @aCN@b510000
105    @ay z 000yy
200 1  @a现代中国发展史论@Axian dai zhong guo fa zhan shi lun@f张迪明主编@Fzhang di ming zhu bian
210    @a成都@c电子科技大学出版社@d1993@h2005重印
215    @a316页@d20cm
330    @a本书内容包括:“中国近代的社会的危机”,“中国近代史上几种主要发展模式及局限”,“建设有中国特色的社会主义的历史必然性”等。
606 0  @a社会主义@x发展史@x研究
606 0  @a社会主义
606 0  @a发展史
690    @aD033.4@v4
701  0 @a张迪明@Azhang di ming@4主编
801  0 @aCN@bLZJBOOK@c20070106
905    @a10447@dD033.4@e49
    
    现代中国发展史论/张迪明主编.-成都:电子科技大学出版社,1993(2005重印)
    316页;20cm
    
    
    ISBN 7-81016-902-5:CNY25.00
    本书内容包括:“中国近代的社会的危机”,“中国近代史上几种主要发展模式及局限”,“建设有中国特色的社会主义的历史必然性”等。
●
相关链接 在E读中查询图书 在五车中查询图书 在当当中查询图书 在豆瓣中查询图书


正题名:现代中国发展史论     索取号:D033.4/49         预约/预借

序号 登录号 条形码 馆藏地/架位号 状态 备注
1 0558446   205584465   第一样本阅览室/ [索取号:D033.4/49] 在馆    
2 0558447   205584474   第一借阅区/ [索取号:D033.4/49] 在馆    
3 0558448   205584483   密集书库/ [索取号:D033.4/49] 在馆    
4 0558449   205584492   第一借阅区/ [索取号:D033.4/49] 在馆    
5 0558450   205584508   密集书库/ [索取号:D033.4/49] 在馆    
6 0558451   205584517   密集书库/ [索取号:D033.4/49] 在馆    
7 0558452   205584526   密集书库/ [索取号:D033.4/49] 在馆    
8 0558453   205584535   第一借阅区/ [索取号:D033.4/49] 在馆    
唐山师范学院图书馆 欢迎您!
大连网信软件有限公司© 版权所有